Представление документа в формате RUSMARC

ПолеНазваниеЗначение
  Тип записи a
  Библиографический уровень a
001 Контрольный номер UONB/MAIN/e9267481d29c4d338550be817f7e5747
005 Дата корректировки 20260403161427.3
100 Данные общей обработки __
a Данные общей обработки 20260403 ||| 0rusy0189 ca
101 Язык документа 0_
a Язык текста rus
102 Страна публикации __
a Страна публикации RU
200 Заглавие и сведения об ответственности 1_
a Заглавие Боец с позывным "Кадет"
f Первые сведения об ответственности А. Славин
203 Вид содержания и тип средства __
a Вид содержания Текст
b Характеристика содержания визуальный
c Тип средства непосредственный
215 Физическое описание __
c Иллюстрации/тип воспроизводства ил., портр.
330 Аннотация __
a Аннотация Алексей Валерьевич Бычков - уроженец рабочего поселка Сурское, ветеран СВО, награжден медалью "За отвагу".
461 Уровень набора _0
1 2000
a Сурская правда
463 Уровень физической единицы _0
1 2000
a № 13 (105215) (20 марта)
v С. 3
1 2101
d 2026
1 001UONB/MAIN/cac0373dd0b24435bc48fb041c683ea0
600 Персоналии _1
a Персоналии (Фамилия) Бычков
b Персоналии (Имя, инициалы) А. В.
g Полное имя Алексей Валерьевич
607 Географические рубрики __
a Географическое наименование Сурское, рабочий поселок (Сурский район ; Ульяновская область)
610 Ключевые слова 0_
a Ключевые слова участники СВО; штурмовики; гранатометчики; медаль "За отвагу"
686 Индексы других классификаций __
2 Код системы rubbk
a Классификационный индекс 68.42
700 Автор _1
a Фамилия Славин
b Имя (инициалы) А.
801 Источник записи _0
a Страна RU
b Организация Ульяновская ОНБ
c Дата составления 20260403
g Правила каталогизации RCR
801 Источник записи _1
a Страна RU
b Организация Ульяновская ОНБ
c Дата составления 20260403
g Правила каталогизации RCR
901 Тип документа __
t Тип документа f
w Контрольный № источника UONB/MAIN/cac0373dd0b24435bc48fb041c683ea0
909 Создатель записи __
a Создатель записи Логинова
b Дата создания записи 20260403